| Tag |
First Indicator |
Second Indicator |
Subfields |
| LEADER |
00000cam a2200000 4500 |
| 001 |
in00000079316 |
| 005 |
20151008060823.0 |
| 008 |
720131s1965 maua b 00000 eng |
| 010 |
|
|
|a 65003251
|
| 035 |
|
|
|a (OCoLC)00230653
|
| 035 |
|
|
|9 AAJ6652AM
|
| 040 |
|
|
|a DLC
|c WSU
|d SER
|d TXA
|d UtOrBLW
|
| 049 |
|
|
|a TXAM
|c 1 [1146388], 2 [412114], 3 [412115], 4 [420438], 5 [427639]
|
| 050 |
0 |
0 |
|a HD1391
|b .B7
|
| 082 |
0 |
|
|a 333.77
|
| 100 |
1 |
|
|a Brown, Robert Kevin.
|
| 245 |
1 |
0 |
|a Real estate economics ;
|b an introduction to urban land use.
|
| 264 |
|
1 |
|a Boston :
|b Houghton Mifflin,
|c [1965]
|
| 264 |
|
4 |
|c [©1965]
|
| 300 |
|
|
|a xii, 388 pages :
|b illustrations ;
|c 25 cm.
|
| 336 |
|
|
|a text
|b txt
|2 rdacontent
|
| 337 |
|
|
|a unmediated
|b n
|2 rdamedia
|
| 338 |
|
|
|a volume
|b nc
|2 rdacarrier
|
| 504 |
|
|
|a Bibliographical footnotes.
|
| 650 |
|
0 |
|a Real estate business
|z United States.
|
| 650 |
|
0 |
|a Land use
|z United States.
|
| 999 |
|
|
|a MARS
|
| 999 |
f |
f |
|s dba74735-5bfc-3a67-a1b8-eceb8976b318
|i 2816afc9-6a85-3eb8-8a5b-10cd2e285f52
|t 0
|
| 952 |
f |
f |
|p normal
|a Texas A&M University
|b College Station
|c Sterling C. Evans Library
|s Evans stk
|d Evans: Library Stacks
|t 0
|e HD1391 .B7
|h Library of Congress classification
|i unmediated -- volume
|m A14806125897
|
| 998 |
f |
f |
|a HD1391 .B7
|t 0
|l Evans: Library Stacks
|